Pecking order

Αποθηκεύτηκε σε:
Λεπτομέρειες βιβλιογραφικής εγγραφής
Κύριος συγγραφέας: Berthoud, Joy
Μορφή: Βιβλίο
Γλώσσα:English
Δημοσίευση: London : Victor Gollancz, 1996
Θέματα:
Ετικέτες: Προσθήκη ετικέτας
Δεν υπάρχουν, Καταχωρήστε ετικέτα πρώτοι!

MARC

LEADER 00000nam a2200000 i 4500
001 1/79521
008 990506s1996 eng d
020 |a 0-575-06035-2 
035 |l 10050406 
040 |a GR-MY-UA  |b gre  |e aacr 
041 0 |a eng 
082 0 |a 155.44 
100 1 |a Berthoud, Joy. 
245 1 0 |a Pecking order /  |c Joy Berthoud 
246 3 4 |a Pecking order: how your place in the family affects your personality 
260 |a London :   |b Victor Gollancz,   |c 1996 
300 |a 190 p. 
650 0 0 |a Birth order. 
650 0 0 |a Family. 
650 0 0 |a Brothers and sisters. 
852 |a INST  |b RHODES  |e 19990506  |h 155.44 BER  |p 005400011763  |q 005400011763  |t BK  |y 0 
901 |a BIBL-1999-1 
909 |a Ρ  |b 065271  |c 1999 
922 |a 4ΕΛΗ  |b 199903